LEADER 01376nam a2200313 a 4500 001 000000137931 003 CaOOAMICUS 005 20140327134411.0 008 140327s2008 it a u000 u ita r 020 $a978-88-89475-47-8 040 $aPUL$bita 245 03$aLa conquista della libertà :$bil giornalismo italiano da Amendola alla liberazione /$ca cura di Franco Siddi ; prefazione di Arrigo Levi ; postfazione di Luigi Punzo. 260 $aRoma :$bMemori Scarl,$c©2008. 300 $a292 p. :$bill. ;$c21 cm 490 1 $aBlock notes ;$v14 500 $aSul front.: in collaborazione con FNSI. 504 $aBibliografia in nota. 650 4$aGiornalismo$zItalia.$0(OLS)http://pul/subject/23889 700 1 $aLevi, Arrigo,$d1926-$0(OLS)http://pul/name/40796 700 1 $aSiddi, Franco.$0(OLS)http://pul/name/88996 700 1 $aPunzo, Luigi.$0(OLS)http://pul/name/88997 830 0$aBlock notes ;$v14.$0(OLS)http://pul/title/174662 850 $aPUL 852 $aPUL$W1$xDP1 Fondo E. Rossi$y115$m7 C 33$j158993$qFondi$B158551$CPULBib$Z2$F158551 $82 941 1 $a1 996 $6020$a978-88-89475-47-8$9(OLS)http://pul/number/154932 996 $6245$aLa conquista della libertà :$bil giornalismo italiano da Amendola alla liberazione$9(OLS)http://pul/title/174661 996 $6260$aRoma :$bMemori Scarl$9(OLS)http://pul/publisher/82406 LEADER 01301nam a2200337 u 4500 001 000000059584 003 CaOOAMICUS 005 20250325111033.0 008 010703s1990 it u000 u ita u 020 $a8821162788 035 $a10895115 040 $aPUL(R)$bita 041 1 $aita$hfre 100 1 $aLévinas, Emmanuel,$d1906-1995.$0(OLS)http://pul/name/11641 240 10$aTranscendance et intelligibilité. Suivi d'un entretien.$lItaliano.$0(OLS)http://pul/title/79760 245 10$aTrasendenza e intelligibilità /$cEmmanuel Levinas ; a cura di Franco Camera. 260 $aGenova :$bMarietti,$c1990. 300 $a89 p. ;$c18 cm 490 1 $aI Rombi ;$v4 504 $aBibliografia: p. 87-89. 650 4$aTrascendenza.$0(OLS)http://pul/subject/4811 700 1 $aCamera, Francesco,$d1953-$0(OLS)http://pul/name/54634 830 2$aI Rombi ;$v4.$0(OLS)http://pul/title/3958 850 $aPUL 852 $aPUL$W1$xSL Filosofia 1$y2$m90 E 76$j77680$nBK-PRI$b $qStampati$B77680$CPULBib$Z2$F77680 $81 941 1 $a8 961 $aINV: 66267 996 $6020$a8821162788$9(OLS)http://pul/number/76063 996 $6245$aTrasendenza e intelligibilità$9(OLS)http://pul/title/79761 996 $6260$aGenova :$bMarietti$9(OLS)http://pul/publisher/48994